00579nam a22001937a 450000500170000001000150001702000270003203500130005903500140007203700130008603700130009908200080011210000160012024500980013625000120023426000300024627000830027630000260035920170523112904.0 aENG-118293 a9789350359273c1360.00 aB-667606 aEN-101825 bKBDadpl bDBAD/PUB a340 aRashid, M.A aThe ultimate guide to the judicial services examination 2017 for all states /cby M.A. Rashid a5th ed. aGurgaonbLexisNexisc2017 a14th Floor, Building No.10, Tower-B, DLF Cyber City, Phase-IIbGurgaone122002 alvi,1826p.c24cm(pbk)